01159nam a2200337 c 4500001000900000003000900009005001700018008004100035015001000076017005000086020001800136035002200154040003300176080001500209080001600224082001900240100004900259245012300308246004700431264004000478300003900518500003400557650004100591650003900632901001100671901001200682942001500694956000600709999001700715980008900732PE-LiUPUPE-LiUPU20240509170751.0181015s2018 sp | |||| 000 0 spa  aMON18 aM 12047-2018bOficina Depósito Legal Madrid a9788490521472 a(OCoLC)1117415544 aPE-LiUPUbspacPE-LiUPUerda a316.74:001 a330.341:001 223a330bG63811 aGoñi Zabala, Juan José4autor0XX141608810a100 propuestas para la posglobalización :bExonomía, nuevos tiempos, nuevos conceptos /cJuan José Goñi Zabala13aCien propuestas para la posglobalización aMadrid :bDíaz de Santos ;c2018. a427 páginas :c22 centímetros, aIncluye apéndice documental 7aSociología del conocimiento2embne 7aEconomía del conocimiento2embne a"ISBN" aMON1811 2ddccBKn0 a2 c62412d62411 618228aChristian Lazo Analista Documental818228gChristian Lazo Analista Documental